000 00816nas a2200277 4500
001 BR9600730
003 BR-BrBNA
005 20231205095654.0
007 ta
008 230509b bl.|||p| |||| 00| 00por d
040 _aBR-BrBNA
_bpor
_cBiblioteca Nacional de Agricultura
041 _a(Pt)
072 _aF30
100 1 _aCarvalho, C.H.S.
100 1 _aAngelo, P.C. da S.
100 1 _aMagnavaca, R.
100 1 _aGama, E.E.G. e
245 1 _aEstudo sobre a viabilidade da producao de linhagens de milho por meio de cultura de anteras
650 _aMilho
650 _aLinhagem
650 _aFecundacao
650 _aAntera
773 0 _tRevista Ceres (Brazil)
_xISSN 0034-737X
_g(Jul-Aug 1995), v. 42(242) p. 353-361
_wBR9600730
909 _a202311
_bLúcia
_c55
_dLúcia Elande
942 _2AGRIS
_n0
_cANA
999 _c152048
_d152048